| 000 | 00506cam a2200205ua 4500 | ||
|---|---|---|---|
| 001 | 10256 | ||
| 008 | 171109n ii |||gr||||Z||||||asm | ||
| 020 | _a9789384095123 | ||
| 040 | _cMAIN | ||
| 041 | _aasm | ||
| 082 | _a954.162 | ||
| 100 |
_aBarman, Ramani, _eAuthor. |
||
| 245 |
_aModern Assam: 1826-1947 (A) _cBy Ramani Barman |
||
| 250 | _a2nd ed. | ||
| 260 |
_aGuwahati: _bAshok publications, _c2015. |
||
| 300 | _a167 p. | ||
| 653 | _aSouth Asia India | ||
| 653 | _aHistory of Assam | ||
| 942 | _cBK | ||
| 999 |
_c9252 _d9252 |
||